[Event "BL2-West 2223"]
[Site "Germany"]
[Date "2023.02.05"]
[Round "6.6"]
[White "Sergin, Mark"]
[Black "Piceu, Tom"]
[Result "1-0"]
[WhiteElo "2221"]
[BlackElo "2324"]
[PlyCount "105"]
[EventDate "2022.10.22"]
[EventType "team-tourn"]
[EventRounds "10"]
[EventCountry "GER"]
[SourceTitle "EXT 2024"]
[Source "ChessBase"]
[SourceDate "2023.10.10"]
[SourceVersion "1"]
[SourceVersionDate "2023.10.10"]
[SourceQuality "1"]
[WhiteTeam "Neuberg"]
[BlackTeam "Aachen SV"]
[WhiteTeamCountry "GER"]
[BlackTeamCountry "GER"]

1. e4 c5 2. Nc3 a6 3. Nge2 d6 4. g3 Nc6 5. Bg2 g6 6. 0-0 Bg7 7. d3 e6 8. Be3 Nge7 9. d4 cxd4 10. Nxd4 0-0 11. a4 Qc7 12. Nxc6 Nxc6 13. f4 Nb4 14. Ra3 Bd7 15. a5 Bb5 16. Nxb5 axb5 17. c3 Nc6 18. Bb6 Qd7 19. b4 Rac8 20. Qd3 Ne7 21. Rd1 Qc6 22. e5 d5 23. Bc5 Rfe8 24. Bf1 g5 25. Qxb5 gxf4 26. a6 bxa6 27. Rxa6 Qc7 28. gxf4 Ng6 29. Ra7 Qd8 30. Qb7 Nh8 31. Be7 Rxe7 32. Qxe7 Qb6+ 33. Rd4 Qc6 34. c4 Bf8 35. Qb7 dxc4 36. Rxc4 Qxb7 37. Rxb7 Rd8 38. Rbc7 Rb8 39. Rc8 Rb6 40. Bd3 Kg7 41. Bxh7 Bxb4 42. Bc2 Bd2 43. Rd8 Be3+ 44. Kg2 Rb7 45. Rcc8 Ng6 46. Rg8+ Kh6 47. Kf3 Bg1 48. Bxg6 fxg6 49. Rh8+ Kg7 50. Rcg8+ Kf7 51. Rh7+ Kxg8 52. Rxb7 Bxh2 53. Re7 1-0

[Event "Riga Tech Rapid op"]
[Site "Riga"]
[Date "2021.08.08"]
[Round "7"]
[White "Sergin, Mark"]
[Black "Zverev, Lev"]
[Result "0-1"]
[WhiteElo "2221"]
[BlackElo "1927"]
[PlyCount "78"]
[EventDate "2021.08.08"]
[EventType "swiss (rapid)"]
[EventRounds "9"]
[EventCountry "LAT"]
[SourceTitle "CBM 203 Extra"]
[Source "ChessBase"]
[SourceDate "2021.09.30"]
[SourceVersion "1"]
[SourceVersionDate "2021.09.30"]
[SourceQuality "1"]

1. e4 e5 2. Nf3 Nc6 3. Bc4 Bc5 4. c3 Nf6 5. d3 d6 6. Bb3 a6 7. h3 Ba7 8. Nbd2 h6 9. Nf1 0-0 10. g4 d5 11. Qe2 dxe4 12. dxe4 Nh7 13. Ng3 Be6 14. Bc2 Qf6 15. Nf5 b5 16. Nd2 g6 17. Nxh6+ Kg7 18. Nf3 Bc4 19. Bd3 Bxd3 20. Qxd3 Rad8 21. Qe2 Rd7 22. g5 Qe6 23. Ng4 Rfd8 24. Bd2 b4 25. Nf6 Rxd2 26. Nxd2 Nxg5 27. Ng4 bxc3 28. bxc3 Qd6 29. Nc4 Qc5 30. Rd1 Rxd1+ 31. Kxd1 Ne6 32. Qe3 Qe7 33. Qh6+ Kg8 34. h4 Nf4 35. Qg5 Qd7+ 36. Nd2 Qd3 37. Re1 Qxc3 38. Re3 Qa1+ 39. Kc2 Nd4# 0-1

[Event "BL2-Sued 1920"]
[Site "Germany"]
[Date "2019.12.08"]
[Round "6.6"]
[White "Sergin, Mark"]
[Black "Sokolov, Andrei"]
[Result "0-1"]
[WhiteElo "2191"]
[BlackElo "2500"]
[PlyCount "48"]
[EventDate "2019.10.19"]
[EventType "team-tourn"]
[EventRounds "11"]
[EventCountry "GER"]
[SourceTitle "CBM 194 Extra"]
[Source "ChessBase"]
[SourceDate "2020.03.31"]
[SourceVersion "1"]
[SourceVersionDate "2020.03.31"]
[SourceQuality "1"]
[WhiteTeam "Neuberg"]
[BlackTeam "Emmendingen"]
[WhiteTeamCountry "GER"]
[BlackTeamCountry "GER"]

1. e4 c5 2. Nc3 e6 3. Nf3 d6 4. d4 cxd4 5. Nxd4 Nf6 6. g4 h6 7. h4 Nc6 8. Rg1 d5 9. Bb5 Bd7 10. exd5 Nxd5 11. Nxd5 exd5 12. Qe2+ Be7 13. Bxc6 bxc6 14. Qe5 0-0 15. g5 Re8 16. Kd1 Bd6 17. Qxd6 Bg4+ 18. Rxg4 Qxd6 19. gxh6 g6 20. Bf4 Qd7 21. f3 c5 22. h7+ Kxh7 23. Ne2 Qe6 24. Rg2 Qh3 0-1

[Event "BL2-Sued 1920"]
[Site "Germany"]
[Date "2019.10.20"]
[Round "2.7"]
[White "Sergin, Mark"]
[Black "Gibicar, Danijel"]
[Result "1-0"]
[WhiteElo "2191"]
[BlackElo "2242"]
[PlyCount "85"]
[EventDate "2019.10.19"]
[EventType "team-tourn"]
[EventRounds "11"]
[EventCountry "GER"]
[SourceTitle "CBM 194 Extra"]
[Source "ChessBase"]
[SourceDate "2020.03.31"]
[SourceVersion "1"]
[SourceVersionDate "2020.03.31"]
[SourceQuality "1"]
[WhiteTeam "Neuberg"]
[BlackTeam "Eppingen"]
[WhiteTeamCountry "GER"]
[BlackTeamCountry "GER"]

1. e4 e6 2. d4 d5 3. Nd2 a6 4. Bd3 c5 5. dxc5 Bxc5 6. Ngf3 Nc6 7. exd5 exd5 8. 0-0 Nge7 9. a3 0-0 10. Ng5 g6 11. Nb3 Bd6 12. f4 Nf5 13. Kh1 h6 14. Nf3 Re8 15. Re1 Rxe1+ 16. Qxe1 Bd7 17. Qf2 Qc7 18. Nh4 Nce7 19. Bd2 Re8 20. Rf1 Qd8 21. g4 Nxh4 22. Qxh4 h5 23. f5 Nc6 24. Bg5 f6 25. Bxf6 Be7 26. Bxe7 Qxe7 27. f6 Qf7 28. Bxg6 Qxg6 29. f7+ Qxf7 30. Rxf7 Kxf7 31. Qxh5+ Ke7 32. Nc5 Kd6 33. Nxd7 Kxd7 34. Qxd5+ Kc7 35. g5 Re1+ 36. Kg2 Re2+ 37. Kg3 Re5 38. Qf7+ Re7 39. Qf4+ Kb6 40. g6 Re6 41. Qf7 Re3+ 42. Kf2 Re7 43. Qf6 1-0

[Event "BL2-Sued 1920"]
[Site "Germany"]
[Date "2019.10.19"]
[Round "1.7"]
[White "Fichter, Fabian"]
[Black "Sergin, Mark"]
[Result "1-0"]
[WhiteElo "2251"]
[BlackElo "2191"]
[PlyCount "99"]
[EventDate "2019.10.19"]
[EventType "team-tourn"]
[EventRounds "11"]
[EventCountry "GER"]
[SourceTitle "CBM 194 Extra"]
[Source "ChessBase"]
[SourceDate "2020.03.31"]
[SourceVersion "1"]
[SourceVersionDate "2020.03.31"]
[SourceQuality "1"]
[WhiteTeam "Walldorf"]
[BlackTeam "Neuberg"]
[WhiteTeamCountry "GER"]
[BlackTeamCountry "GER"]

1. e4 d5 2. exd5 Qxd5 3. Nc3 Qd6 4. d4 Nf6 5. Nf3 a6 6. g3 Bg4 7. h3 Bh5 8. Bg2 Nc6 9. 0-0 0-0-0 10. Bf4 Qb4 11. g4 Bg6 12. a3 Qc4 13. Ne5 Nxe5 14. Bxe5 e6 15. Qe1 Nd5 16. Nxd5 exd5 17. b3 Qb5 18. c4 Qxb3 19. c5 Rd7 20. a4 h5 21. g5 Be7 22. h4 f6 23. Bh2 Bf5 24. Qc1 fxg5 25. hxg5 g6 26. Ra3 Qb4 27. Be5 Re8 28. f4 c6 29. Qe3 Bd8 30. Rb3 Qa5 31. Ra1 Bc7 32. Ra2 Bxe5 33. fxe5 Qd8 34. Rab2 Rf7 35. Rb6 h4 36. Bf1 Be4 37. Bxa6 Ree7 38. Rxc6+ Kb8 39. Rf6 Qc8 40. Qf4 Ka7 41. Bf1 Rxf6 42. gxf6 g5 43. Qxg5 Rh7 44. Rf2 Qe8 45. Kh2 h3 46. Bb5 Qf7 47. Qg4 Qc7 48. Be8 Qa5 49. f7 Rh8 50. c6 1-0

[Event "Oberliga Ost-B 1819"]
[Site "Germany"]
[Date "2019.04.07"]
[Round "11.8"]
[White "Sergin, Mark"]
[Black "Pichl, Michael"]
[Result "1-0"]
[WhiteElo "2163"]
[BlackElo "2051"]
[PlyCount "105"]
[EventDate "2018.10.21"]
[EventType "team-tourn"]
[EventRounds "11"]
[EventCountry "GER"]
[SourceTitle "EXT 2020"]
[Source "ChessBase"]
[SourceDate "2019.10.17"]
[SourceVersion "1"]
[SourceVersionDate "2019.10.17"]
[SourceQuality "1"]
[WhiteTeam "Neuberg"]
[BlackTeam "Erfurt Empor"]
[WhiteTeamCountry "GER"]
[BlackTeamCountry "GER"]

1. e4 g6 2. d4 Bg7 3. Nc3 c5 4. d5 d6 5. h3 Nf6 6. Nf3 0-0 7. Be2 b5 8. e5 dxe5 9. Bxb5 e4 10. Ne5 Bb7 11. Nc6 Qc7 12. Nxb8 Raxb8 13. Bc4 Rfd8 14. Qe2 Nxd5 15. Nb5 Qe5 16. 0-0 Nb6 17. Nxa7 Nxc4 18. Qxc4 Bd5 19. Qxc5 Qe6 20. Rd1 Be5 21. Be3 f5 22. c4 Ba8 23. Bd4 Bd6 24. Qa5 Bb4 25. Qe5 Qxe5 26. Bxe5 Bd6 27. Bxd6 exd6 28. Nb5 d5 29. b3 Kf7 30. Rd2 dxc4 31. Nd6+ Ke6 32. Nxc4 Rxd2 33. Nxd2 Rd8 34. Nc4 Rd5 35. Kf1 Bb7 36. Ke1 Ba6 37. Rc1 f4 38. Nb2 Rd6 39. Rc5 Bb7 40. Rc7 Rd7 41. Rxd7 Kxd7 42. g3 g5 43. b4 Bd5 44. a4 Bb3 45. gxf4 gxf4 46. Kd2 Be6 47. h4 Kd6 48. Kc3 Bg4 49. Kd4 Bf5 50. Nc4+ Ke6 51. b5 e3 52. fxe3 f3 53. e4 1-0

[Event "Oberliga Ost-B 1819"]
[Site "Germany"]
[Date "2018.11.11"]
[Round "3.7"]
[White "Sergin, Mark"]
[Black "Buerckner, Georg"]
[Result "1-0"]
[WhiteElo "2163"]
[BlackElo "2048"]
[PlyCount "87"]
[EventDate "2018.10.21"]
[EventType "team-tourn"]
[EventRounds "11"]
[EventCountry "GER"]
[SourceTitle "EXT 2020"]
[Source "ChessBase"]
[SourceDate "2019.10.17"]
[SourceVersion "1"]
[SourceVersionDate "2019.10.17"]
[SourceQuality "1"]
[WhiteTeam "Neuberg"]
[BlackTeam "Sangerhausen"]
[WhiteTeamCountry "GER"]
[BlackTeamCountry "GER"]

1. e4 e5 2. Nf3 Nc6 3. Bc4 d6 4. c3 Be7 5. d3 Nf6 6. Bb3 0-0 7. h3 d5 8. Nbd2 Be6 9. Bc2 dxe4 10. dxe4 Bc5 11. Qe2 Nd7 12. Nb3 Bb6 13. Ng5 Qf6 14. Nxe6 Qxe6 15. 0-0 Ne7 16. Nd2 a6 17. Bb3 Qf6 18. Nc4 Ba7 19. Ne3 Bxe3 20. Bxe3 Ng6 21. Qg4 Rad8 22. Bg5 Qc6 23. Bxd8 Rxd8 24. Rad1 Nf4 25. Bd5 Qf6 26. Bxb7 Nc5 27. Rxd8+ Qxd8 28. Rd1 Qb8 29. Qc8+ Qxc8 30. Bxc8 Kf8 31. g3 Ng6 32. b4 Nxe4 33. Rd3 Nd6 34. Bxa6 e4 35. Rd5 Ke7 36. Be2 Kd7 37. a4 Ne7 38. Rh5 h6 39. Rc5 c6 40. b5 Kc7 41. a5 Kb7 42. bxc6+ Nxc6 43. Ba6+ Kc7 44. Bb5 1-0

[Event "Oberliga Ost-B 1718"]
[Site "Germany"]
[Date "2018.02.03"]
[Round "6.4"]
[White "Sergin, Mark"]
[Black "Haubt, Georg"]
[Result "1/2-1/2"]
[WhiteElo "2192"]
[BlackElo "2183"]
[PlyCount "140"]
[EventDate "2017.10.22"]
[EventType "team-tourn"]
[EventRounds "11"]
[EventCountry "GER"]
[SourceTitle "EXT 2019"]
[Source "ChessBase"]
[SourceDate "2018.10.10"]
[SourceVersion "1"]
[SourceVersionDate "2018.10.10"]
[SourceQuality "1"]
[WhiteTeam "Neuberg"]
[BlackTeam "Oberursel"]
[WhiteTeamCountry "GER"]
[BlackTeamCountry "GER"]

1. e4 e5 2. Nf3 Nf6 3. Nxe5 d6 4. Nf3 Nxe4 5. Nc3 d5 6. Qe2 Be7 7. Nxe4 dxe4 8. Qxe4 0-0 9. Bc4 Bd6 10. 0-0 Re8 11. Qd5 Be6 12. Qb5 Nc6 13. Bxe6 Rxe6 14. d4 Rg6 15. c3 Qd7 16. Qh5 Re8 17. Re1 Rxe1+ 18. Nxe1 Ne7 19. h3 Nd5 20. Nd3 Qe6 21. Ne5 f6 22. Nf3 f5 23. Bg5 h6 24. Bd2 Qf7 25. Kh1 Re6 26. Qxf7+ Kxf7 27. Re1 Nf6 28. Kg1 Ne4 29. Bc1 c6 30. Kf1 Bc7 31. Nd2 Nd6 32. Rxe6 Kxe6 33. Nb3 Bb6 34. Ke2 Kd5 35. Nd2 c5 36. dxc5 Bxc5 37. f3 g5 38. Kd3 f4 39. Ne4 Nxe4 40. fxe4+ Ke5 41. b4 Bd6 42. a4 h5 43. Bd2 g4 44. hxg4 hxg4 45. c4 Ke6 46. c5 Be5 47. b5 Kd7 48. Be1 Ke6 49. Bf2 a6 50. Kc4 axb5+ 51. axb5 Bb8 52. Bd4 f3 53. gxf3 gxf3 54. Kd3 Bf4 55. Bf2 Ke5 56. Be3 Bh2 57. Bd4+ Ke6 58. Kd2 Kd7 59. Bf2 Bf4+ 60. Kd3 Ke6 61. Kd4 Bg5 62. Bg3 Be7 63. Bf2 Bg5 64. Bg3 Be7 65. c6 bxc6 66. bxc6 Bg5 67. c7 Kd7 68. Kd3 Kc8 69. Kd4 f2 70. Bxf2 Kxc7 1/2-1/2

[Event "Oberliga Ost-B 1718"]
[Site "Germany"]
[Date "2017.11.11"]
[Round "2.4"]
[White "George, Tom"]
[Black "Sergin, Mark"]
[Result "1-0"]
[WhiteElo "2205"]
[BlackElo "2192"]
[PlyCount "109"]
[EventDate "2017.10.22"]
[EventType "team-tourn"]
[EventRounds "11"]
[EventCountry "GER"]
[SourceTitle "EXT 2019"]
[Source "ChessBase"]
[SourceDate "2018.10.10"]
[SourceVersion "1"]
[SourceVersionDate "2018.10.10"]
[SourceQuality "1"]
[WhiteTeam "Stadtilm Blau Weiss"]
[BlackTeam "Neuberg"]
[WhiteTeamCountry "GER"]
[BlackTeamCountry "GER"]

1. e4 d5 2. exd5 Qxd5 3. Nc3 Qd6 4. d4 Nf6 5. Nf3 a6 6. g3 Bg4 7. h3 Bh5 8. Bg2 Nc6 9. Bf4 Qe6+ 10. Be3 0-0-0 11. g4 Bg6 12. Ng5 Qc4 13. Bf1 Qb4 14. a3 Qd6 15. Bd3 Nd5 16. Nce4 Qd7 17. c4 Nxe3 18. fxe3 Nxd4 19. exd4 Qxd4 20. Ke2 h5 21. Qc2 e6 22. Nf3 Qd7 23. Ne5 Qd4 24. Nxg6 fxg6 25. Qc3 Bc5 26. Qxd4 Bxd4 27. Ng5 Rd7 28. Rab1 Bf6 29. Ne4 Rhd8 30. Rhd1 hxg4 31. hxg4 Rh8 32. Rh1 Rxh1 33. Rxh1 Bxb2 34. Rh8+ Rd8 35. Rxd8+ Kxd8 36. a4 Bd4 37. Kf3 Ke7 38. Nd2 Kd6 39. Nb3 Bc3 40. Ke4 Bf6 41. c5+ Kd7 42. Nd4 e5 43. c6+ bxc6 44. Nb3 Kd6 45. Bxa6 Bh4 46. Bc4 Bf2 47. Bf7 g5 48. Bg6 Bg1 49. Kd3 Bf2 50. Be4 Bb6 51. Kc4 Kd7 52. Nc5+ Kd6 53. Nd3 Bd4 54. Nb4 c5 55. Nc6 1-0

[Event "Oberliga Ost-B 1516"]
[Site "Germany"]
[Date "2016.01.17"]
[Round "7.5"]
[White "Sergin, Mark"]
[Black "Riedel, Finn"]
[Result "1-0"]
[WhiteElo "2267"]
[BlackElo "2102"]
[PlyCount "95"]
[EventDate "2015.09.20"]
[EventType "team-tourn"]
[EventRounds "11"]
[EventCountry "GER"]
[SourceTitle "EXT 2017"]
[Source "ChessBase"]
[SourceDate "2016.10.25"]
[SourceVersion "1"]
[SourceVersionDate "2016.10.25"]
[SourceQuality "1"]
[WhiteTeam "Kassel"]
[BlackTeam "Weimar"]
[WhiteTeamCountry "GER"]
[BlackTeamCountry "GER"]

1. e4 e5 2. Nf3 Nc6 3. Bc4 Nf6 4. d3 Bc5 5. c3 d6 6. Bb3 0-0 7. Bg5 Qe7 8. Nbd2 Bg4 9. h3 Be6 10. Bc2 a5 11. Nf1 h6 12. Bh4 g5 13. Nxg5 hxg5 14. Bxg5 Bxf2+ 15. Ke2 Rfe8 16. Qc1 Kh7 17. Kxf2 Rg8 18. Ke1 Rg6 19. g4 Rag8 20. Be3 Rh8 21. Ng3 Kg8 22. Kd2 d5 23. Bb3 dxe4 24. dxe4 Qd7+ 25. Kc2 Ne8 26. Qf1 a4 27. Bxe6 Qxe6 28. Qb5 Qd7 29. Qe2 Nd6 30. Bc5 Nd8 31. Bxd6 cxd6 32. Raf1 Ne6 33. Nh5 Qc6 34. Kb1 a3 35. Nf6+ Kg7 36. Nd5 Re8 37. Rf2 axb2 38. Rhf1 Nf4 39. Nxf4 exf4 40. Rxf4 Qxc3 41. Rxf7+ Kg8 42. Qf2 Rxe4 43. Rf8+ Kg7 44. Rf3 Qe5 45. Rf7+ Kg8 46. Qh4 Rh6 47. Qd8+ Qe8 48. Rf8+ 1-0

[Event "Oberliga Ost-B 1516"]
[Site "Germany"]
[Date "2016.01.16"]
[Round "6.5"]
[White "Biel, Maik"]
[Black "Sergin, Mark"]
[Result "1/2-1/2"]
[WhiteElo "2146"]
[BlackElo "2267"]
[PlyCount "92"]
[EventDate "2015.09.20"]
[EventType "team-tourn"]
[EventRounds "11"]
[EventCountry "GER"]
[SourceTitle "EXT 2017"]
[Source "ChessBase"]
[SourceDate "2016.10.25"]
[SourceVersion "1"]
[SourceVersionDate "2016.10.25"]
[SourceQuality "1"]
[WhiteTeam "Liebschwitz"]
[BlackTeam "Kassel"]
[WhiteTeamCountry "GER"]
[BlackTeamCountry "GER"]

1. d4 Nf6 2. c4 c5 3. d5 e6 4. Nc3 exd5 5. cxd5 d6 6. e4 g6 7. Bd3 Bg7 8. Nge2 0-0 9. 0-0 Na6 10. Ng3 Nc7 11. h3 Nd7 12. f4 Re8 13. a4 Na6 14. Qf3 Nb4 15. Bb1 a6 16. Kh2 Rb8 17. e5 dxe5 18. f5 e4 19. Ngxe4 Ne5 20. Qg3 Bxf5 21. Bg5 f6 22. Nxf6+ Bxf6 23. Bxf6 Qxf6 24. Bxf5 Qg7 25. Be6+ Kh8 26. Rae1 Nbd3 27. Re3 c4 28. Ne4 Rf8 29. Rxf8+ Rxf8 30. Nd6 Nf4 31. Nxb7 Qxb7 32. Rxe5 Qxb2 33. Re4 Nxg2 34. Qe5+ Qxe5+ 35. Rxe5 Nh4 36. Kg3 Nf3 37. Re3 Ng5 38. Bg4 Rd8 39. Re5 Nf7 40. Re7 Nd6 41. Rc7 Ne4+ 42. Kf4 Nf6 43. Ke5 Nxd5 44. Rxc4 Ne3 45. Rc6 Re8+ 46. Be6 a5 1/2-1/2

[Event "Oberliga Ost-B 1415"]
[Site "Germany"]
[Date "2014.12.07"]
[Round "5.4"]
[White "Klundt, Klaus"]
[Black "Sergin, Mark"]
[Result "1/2-1/2"]
[WhiteElo "2313"]
[BlackElo "2240"]
[PlyCount "53"]
[EventDate "2014.09.21"]
[EventType "team-tourn"]
[EventRounds "11"]
[EventCountry "GER"]
[SourceTitle "EXT 2016"]
[Source "ChessBase"]
[SourceDate "2015.10.08"]
[SourceVersion "1"]
[SourceVersionDate "2015.10.08"]
[SourceQuality "1"]
[WhiteTeam "Heusenstamm"]
[BlackTeam "Kassel"]
[WhiteTeamCountry "GER"]
[BlackTeamCountry "GER"]

1. e4 d5 2. exd5 Qxd5 3. Nc3 Qd6 4. d4 Nf6 5. Nf3 a6 6. Ne5 c5 7. Be3 e6 8. Be2 cxd4 9. Qxd4 Nbd7 10. Nxd7 Qxd4 11. Bxd4 Bxd7 12. Bf3 0-0-0 13. 0-0-0 Bd6 14. Rd3 Bc7 15. Bxf6 gxf6 16. Rhd1 b5 17. a3 f5 18. Ne2 Bb6 19. Bb7+ Kxb7 20. Rxd7+ Rxd7 21. Rxd7+ Kc6 22. Rxf7 Bxf2 23. c3 Be3+ 24. Kc2 Rd8 25. Nd4+ Bxd4 26. cxd4 Rd7 27. Rf6 1/2-1/2

[Event "Oberliga Ost-B 1415"]
[Site "Germany"]
[Date "2014.09.21"]
[Round "1.4"]
[White "Sergin, Mark"]
[Black "Urban, Lars"]
[Result "1-0"]
[WhiteElo "2240"]
[BlackElo "2064"]
[PlyCount "101"]
[EventDate "2014.09.21"]
[EventType "team-tourn"]
[EventRounds "11"]
[EventCountry "GER"]
[SourceTitle "EXT 2016"]
[Source "ChessBase"]
[SourceDate "2015.10.08"]
[SourceVersion "1"]
[SourceVersionDate "2015.10.08"]
[SourceQuality "1"]
[WhiteTeam "Kassel"]
[BlackTeam "Erfurt Empor"]
[WhiteTeamCountry "GER"]
[BlackTeamCountry "GER"]

1. e4 e6 2. d4 d5 3. Bd3 c5 4. dxc5 dxe4 5. Bxe4 Qxd1+ 6. Kxd1 Bxc5 7. f3 Nf6 8. Bd3 e5 9. Nc3 Be6 10. Bg5 Nbd7 11. Nge2 0-0 12. Ng3 Bb4 13. Bd2 Rfd8 14. Nge4 Bxc3 15. Nxf6+ Nxf6 16. Bxc3 Bc4 17. Bxe5 Bxd3 18. cxd3 Rxd3+ 19. Ke2 Rd5 20. Bc3 Rc5 21. Rac1 Re8+ 22. Kf2 Nd5 23. Bd2 Rb5 24. Rhe1 Rd8 25. b3 f6 26. Re4 Nb6 27. Rc2 Rbd5 28. Be3 R5d7 29. Ke2 Nc8 30. Rec4 Nd6 31. Rc7 Nb5 32. Rxd7 Rxd7 33. a4 Nd6 34. Bxa7 Nf5 35. Bb6 Kf7 36. g4 Ne7 37. Rc7 Rxc7 38. Bxc7 Ke6 39. Kd3 Kd5 40. Bg3 Nc6 41. Bf2 g6 42. f4 g5 43. Be3 gxf4 44. Bxf4 Nd4 45. b4 Ne6 46. Be3 Nd8 47. Bd4 Nc6 48. Bc3 Ne5+ 49. Bxe5 fxe5 50. h4 e4+ 51. Ke3 1-0

[Event "Wiesbaden op 26th"]
[Site "Wiesbaden"]
[Date "2014.08.31"]
[Round "7"]
[White "Sergin, Mark"]
[Black "Koch, Markus"]
[Result "1-0"]
[WhiteElo "2240"]
[BlackElo "2143"]
[PlyCount "33"]
[EventDate "2014.08.28"]
[EventType "swiss"]
[EventRounds "7"]
[EventCountry "GER"]
[SourceTitle "CBM 162 Extra"]
[Source "ChessBase"]
[SourceDate "2014.10.17"]
[SourceVersion "1"]
[SourceVersionDate "2014.10.17"]
[SourceQuality "1"]

1. e4 c5 2. Nf3 d6 3. d4 cxd4 4. Nxd4 Nf6 5. Nc3 Nc6 6. g3 g6 7. Bg2 Bd7 8. h3 Bg7 9. Be3 0-0 10. 0-0 Ne5 11. Qe2 Rc8 12. Rad1 Nc4 13. Bc1 b5 14. b3 b4 15. Ncb5 Nb6 16. Nxa7 Ra8 17. Nac6 1-0

[Event "Oberliga Ost-B 1314"]
[Site "Germany"]
[Date "2013.11.09"]
[Round "2.8"]
[White "Hoti, Safet"]
[Black "Sergin, Mark"]
[Result "0-1"]
[WhiteElo "2115"]
[BlackElo "2160"]
[PlyCount "40"]
[EventDate "2013.10.13"]
[EventType "team-tourn"]
[EventRounds "11"]
[EventCountry "GER"]
[SourceTitle "EXT 2015"]
[Source "ChessBase"]
[SourceDate "2014.11.20"]
[SourceVersion "1"]
[SourceVersionDate "2014.11.20"]
[SourceQuality "1"]
[WhiteTeam "Heusenstamm"]
[BlackTeam "Kassel"]
[WhiteTeamCountry "GER"]
[BlackTeamCountry "GER"]

1. d4 Nf6 2. c4 e6 3. Nf3 c5 4. e3 g6 5. Be2 Bg7 6. 0-0 0-0 7. dxc5 Na6 8. Nc3 Nxc5 9. Rb1 a5 10. Ne1 d5 11. Qc2 e5 12. Ra1 Bf5 13. Qd1 d4 14. exd4 exd4 15. Nb5 d3 16. Bf3 Nfe4 17. g4 d2 18. gxf5 dxc1Q 19. Qxc1 Nd2 20. Bxb7 Nxb7 0-1

[Event "Oberliga Ost-B 1314"]
[Site "Germany"]
[Date "2013.10.13"]
[Round "1.6"]
[White "Rudnizki, Sergej"]
[Black "Sergin, Mark"]
[Result "0-1"]
[WhiteElo "2165"]
[BlackElo "2160"]
[PlyCount "60"]
[EventDate "2013.10.13"]
[EventType "team-tourn"]
[EventRounds "11"]
[EventCountry "GER"]
[SourceTitle "EXT 2015"]
[Source "ChessBase"]
[SourceDate "2014.11.20"]
[SourceVersion "1"]
[SourceVersionDate "2014.11.20"]
[SourceQuality "1"]
[WhiteTeam "Erfurt Empor"]
[BlackTeam "Kassel"]
[WhiteTeamCountry "GER"]
[BlackTeamCountry "GER"]

1. e4 d5 2. exd5 Qxd5 3. Nc3 Qd6 4. d4 Nf6 5. Nf3 a6 6. h3 Bf5 7. Bd3 Bxd3 8. Qxd3 Nc6 9. a3 g6 10. 0-0 Rd8 11. Ne2 Bg7 12. Qb3 b5 13. Bf4 Qd7 14. a4 Nd5 15. axb5 Nxf4 16. Nxf4 axb5 17. Qxb5 Rb8 18. Qa4 Rxb2 19. c3 0-0 20. Rfe1 e6 21. Nd3 Rb6 22. Nc5 Qd5 23. c4 Qd8 24. Nb7 Qe8 25. Nc5 Nxd4 26. Nd3 Nxf3+ 27. gxf3 Bxa1 28. Rxa1 e5 29. c5 Re6 30. c6 Qe7 0-1

[Event "Wiesbaden op 25th"]
[Site "Wiesbaden"]
[Date "2013.08.25"]
[Round "6"]
[White "Schmittdiel, Eckhard"]
[Black "Sergin, Mark"]
[Result "1-0"]
[WhiteElo "2427"]
[BlackElo "2190"]
[PlyCount "113"]
[EventDate "2013.08.22"]
[EventType "swiss"]
[EventRounds "7"]
[EventCountry "GER"]
[SourceTitle "CBM 156 Extra"]
[Source "ChessBase"]
[SourceDate "2013.10.22"]
[SourceVersion "1"]
[SourceVersionDate "2013.10.22"]
[SourceQuality "1"]

1. c4 Nf6 2. g3 c5 3. Bg2 Nc6 4. Nc3 g6 5. e4 d6 6. Nge2 Bg7 7. 0-0 0-0 8. a3 Ne8 9. Rb1 e5 10. d3 Nd4 11. b4 b6 12. Nxd4 cxd4 13. Ne2 Rb8 14. f4 f5 15. h3 fxe4 16. dxe4 Be6 17. Kh2 Bxc4 18. Rf2 Nc7 19. Ng1 Nb5 20. Qe1 Rc8 21. Nf3 Bd3 22. Ra1 Qe8 23. fxe5 dxe5 24. Rd2 Bc4 25. a4 Nc3 26. b5 Bh6 27. Rc2 Bxc1 28. Raxc1 Bd3 29. Rxc3 dxc3 30. Rxc3 Bc4 31. Qc1 Bb3 32. Qb2 Be6 33. Nxe5 Rxc3 34. Qxc3 Rf2 35. Nc6 Bxh3 36. Kxh3 Qe6+ 37. g4 h5 38. Kg3 Ra2 39. Bf3 Rxa4 40. g5 Ra2 41. Qf6 h4+ 42. Kxh4 Rh2+ 43. Kg3 Qh3+ 44. Kf4 Qh4+ 45. Ke5 Qg3+ 46. Ke6 Qh3+ 47. Ke7 Qh7+ 48. Ke8 Qg7 49. e5 Rh8 50. Ne7+ Kh7+ 51. Kd7 Rf8 52. Be4 Rxf6 53. exf6 Qf8 54. Bxg6+ Kh8 55. Be8 Kh7 56. g6+ Kh6 57. g7 1-0

[Event "Wiesbaden op 25th"]
[Site "Wiesbaden"]
[Date "2013.08.24"]
[Round "4"]
[White "Mueller, Ralf1111"]
[Black "Sergin, Mark"]
[Result "1/2-1/2"]
[WhiteElo "2393"]
[BlackElo "2190"]
[PlyCount "51"]
[EventDate "2013.08.22"]
[EventType "swiss"]
[EventRounds "7"]
[EventCountry "GER"]
[SourceTitle "CBM 156 Extra"]
[Source "ChessBase"]
[SourceDate "2013.10.22"]
[SourceVersion "1"]
[SourceVersionDate "2013.10.22"]
[SourceQuality "1"]

1. d4 Nf6 2. Nf3 e6 3. c4 c5 4. d5 exd5 5. cxd5 d6 6. Nc3 g6 7. Bf4 a6 8. a4 Bg7 9. h3 0-0 10. e3 b6 11. Be2 Qe7 12. Nd2 Nbd7 13. Nc4 Ne8 14. 0-0 Rb8 15. e4 Ne5 16. Re1 f5 17. exf5 Nxc4 18. Bxc4 Qh4 19. Qg4 Qd8 20. Qg3 Rxf5 21. Ne4 Bxb2 22. Ra2 Be5 23. Bxe5 Rxe5 24. f4 Rf5 25. Rae2 Ng7 26. Qd3 1/2-1/2

[Event "Wiesbaden op 25th"]
[Site "Wiesbaden"]
[Date "2013.08.22"]
[Round "1"]
[White "Sergin, Mark"]
[Black "Zeyen, Helmut"]
[Result "1-0"]
[WhiteElo "2160"]
[BlackElo "1808"]
[PlyCount "45"]
[EventDate "2013.08.22"]
[EventType "swiss"]
[EventRounds "7"]
[EventCountry "GER"]
[SourceTitle "EXT 2014"]
[Source "ChessBase"]
[SourceDate "2013.11.20"]
[SourceVersion "1"]
[SourceVersionDate "2013.11.20"]
[SourceQuality "1"]

1. e4 d5 2. exd5 Qxd5 3. Nc3 Qd6 4. d4 Nf6 5. Nf3 c6 6. g3 Bg4 7. Bg2 e6 8. Bf4 Qd8 9. Qd2 Bb4 10. Ne5 Bf5 11. a3 Ne4 12. Bxe4 Bxc3 13. Qxc3 Bxe4 14. f3 Bg6 15. h4 f6 16. Nxg6 hxg6 17. 0-0-0 Qd5 18. Qd3 Kf7 19. c4 Qf5 20. Qe3 Nd7 21. Rhe1 Nb6 22. g4 Qa5 23. Qxe6+ 1-0